Estadísticas para SERIES DEL 3XL i K3

Haz click aquí para intentar la prueba.

Estadísticas generales

  • Esta prueba ha sido intentada 14 veces
  • La puntuación promedio es 12 de 19

Estadísticas de respuestas

Respuesta% Correcto
Doraemon
100%
Bola de drac
89%
Pingu
89%
Bobobo
78%
Detectiu Conan
78%
Gat i Gos
78%
Inuyasha
78%
Les tres bessones
78%
Shin Chan
78%
Espies de veritat
67%
Ranma
67%
Sakura
67%
Doctor Slump
56%
10+2
44%
La Magica Do Re Mi
44%
Slam Dunk
44%
Capelito
33%
Patates i Dracs
33%
Utena
22%

Distribución de puntuación

Porcentaje por número respondido

Porcentaje de gente con cada puntuación

Historial de tus puntuaciones

No has intentado esta prueba.